A Himalayan love story / (Record no. 2361)
[ view plain ]
| 000 -LEADER | |
|---|---|
| fixed length control field | 00652cam a2200145 4500 |
| 001 - CONTROL NUMBER | |
| control field | 2940 |
| 005 - DATE AND TIME OF LATEST TRANSACTION | |
| control field | 20181127170116.0 |
| 008 - FIXED-LENGTH DATA ELEMENTS--GENERAL INFORMATION | |
| fixed length control field | 961114s1996 |
| 100 1# - MAIN ENTRY--PERSONAL NAME | |
| Personal name | Gokhale, Namita, |
| Dates associated with a name | 1956- |
| 245 12 - TITLE STATEMENT | |
| Title | A Himalayan love story / |
| Statement of responsibility, etc. | Namita Gokhale. |
| 260 ## - PUBLICATION, DISTRIBUTION, ETC. | |
| Place of publication, distribution, etc. | New Delhi : |
| Name of publisher, distributor, etc. | Alka Paperbacks, |
| Date of publication, distribution, etc. | c1996. |
| 300 ## - PHYSICAL DESCRIPTION | |
| Extent | 188 p. ; |
| Dimensions | 22 cm. |
| 520 ## - SUMMARY, ETC. | |
| Summary, etc. | This is the story of Parvati, young, beautiful and doomed, and Mukul Nainwal, the local boy made good who returns to the Nainital of his youth to search for the only woman he has ever loved. Told in the voices of these two exiles from life, this spare, sensitive book is a compelling read. |
| 651 #0 - SUBJECT ADDED ENTRY--GEOGRAPHIC NAME | |
| Geographic name | India |
| General subdivision | Fiction. |
| Withdrawn status | Lost status | Source of classification or shelving scheme | Damaged status | Not for loan | Collection code | Home library | Current library | Shelving location | Date acquired | Serial Enumeration / chronology | Inventory number | Total Checkouts | Total Renewals | Full call number | Barcode | Date last seen | Date last checked out | Price effective from | Koha item type |
|---|---|---|---|---|---|---|---|---|---|---|---|---|---|---|---|---|---|---|---|
| Dewey Decimal Classification | Fiction | RTC Library | RTC Library | Fiction | 29/04/2021 | 5199 | 5 | 2 | FIC 813.54 GOK | 30000777 | 28/05/2025 | 01/04/2025 | 27/11/2018 | Fiction |